Countries of Europe in 90seconds - Statistics

General Stats
  • This quiz has been taken 47 times
  • The average score is 30 of 51
Answer Stats
Answer % Correct
Bosnia and Herzegovina
93%
Spain
88%
United Kingdom
88%
France
85%
Portugal
85%
Germany
80%
Finland
78%
Italy
78%
Norway
78%
Austria
75%
Russia
75%
Andorra
73%
Sweden
73%
Greece
68%
Croatia
65%
Estonia
65%
Ireland
65%
Ukraine
65%
Monaco
63%
Slovenia
63%
Denmark
60%
Luxembourg
60%
Romania
60%
Slovakia
60%
Switzerland
60%
Vatican city
60%
Belgium
58%
Hungary
58%
Latvia
58%
Malta
58%
Serbia
58%
Belarus
55%
Iceland
55%
Lithuania
55%
Netherlands
55%
Albania
53%
Bulgaria
53%
Kosovo
53%
Poland
53%
Montenegro
48%
San Marino
48%
Moldova
45%
Turkey
40%
Liechtenstein
38%
Armenia
35%
Cyprus
35%
Georgia
35%
Czechia
33%
Azerbaijan
25%
North macedonia
25%
Kazakhstan
13%
No matching quizzes found
Score Distribution
Percent of People with Each Score
Percentile by Number Answered
Your Score History
You have not taken this quiz